| 000 | 00896nac a22002657a 4500 | ||
|---|---|---|---|
| 001 | BR9801076 | ||
| 003 | BR-BrBNA | ||
| 005 | 20240105122048.0 | ||
| 008 | 230509b bl.|||m| |||| 00| 0 por d | ||
| 040 |
_aBR-BrBNA _bpor _cBiblioteca Nacional de Agricultura |
||
| 072 | _aM11 | ||
| 090 | _aM11 BR9801076 | ||
| 100 | 1 | _aPaiva, M.P. | |
| 100 | 1 | _aFonteles-Filho, A A. | |
| 110 | 1 |
_aCoordenadoria de Pesquisa Agropecuaria, Sao Paulo, SP (Brasil) _92987 |
|
| 245 | 1 | _aProducao e produtividade das pescarias de barcos linheiros na area de Abrolhos (Brazil)_ | |
| 260 | 3 |
_aSao Paulo (Brasil): _c1997. |
|
| 300 | _a12 p. | ||
| 490 |
_aBoletim Tecnico - Instituto de Pesca (Brazil) _vno. 22 _xISSN 0103-1767 |
||
| 500 | _aSummaries (En, Pt); 16 ref.; 9 tables | ||
| 650 | _aPesca | ||
| 650 | _aProducao Pesqueira | ||
| 909 |
_a202312 _bLúcia Elande _c55 _dLúcia Elande |
||
| 942 |
_2AGRIS _n0 _cMS |
||
| 999 |
_c288989 _d288989 |
||